[Event "Prague op"]
[Site "Prague"]
[Date "2024.03.03"]
[Round "5"]
[White "Popovic, Dusan"]
[Black "Novotny, Michal"]
[Result "1/2-1/2"]
[WhiteElo "2504"]
[BlackElo "2265"]
[PlyCount "39"]
[EventDate "2024.02.28"]
[EventType "swiss"]
[EventRounds "9"]
[EventCountry "CZE"]
[SourceTitle "CB11_2024"]
[SourceDate "2024.03.13"]
[SourceVersion "1"]
[SourceVersionDate "2024.03.13"]
[SourceQuality "1"]

1. e4 e6 2. d4 d5 3. Nd2 c5 4. Ngf3 cxd4 5. exd5 Qxd5 6. Bc4 Qd6 7. 0-0 Nf6 8. Nb3 Nc6 9. Nbxd4 Nxd4 10. Nxd4 Be7 11. Re1 0-0 12. c3 Qc7 13. Bb3 a5 14. a4 Qb6 15. Qe2 Bc5 16. Nb5 Bd7 17. Bg5 Bxb5 18. axb5 Be7 19. Red1 h6 20. Bxf6 1/2-1/2

[Event "Svetla nad Sazavou Mares Memorial"]
[Site "Svetla nad Sazavou"]
[Date "2023.12.29"]
[Round "7"]
[White "Novotny, Michal"]
[Black "Jirovsky, Milos"]
[Result "1/2-1/2"]
[WhiteElo "2291"]
[BlackElo "2472"]
[PlyCount "110"]
[EventDate "2023.12.29"]
[EventType "swiss"]
[EventRounds "9"]
[EventCountry "CZE"]
[SourceTitle "CB02_2024"]
[SourceDate "2024.01.10"]
[SourceVersion "1"]
[SourceVersionDate "2024.01.10"]
[SourceQuality "1"]

1. e4 d5 2. exd5 Qxd5 3. Nc3 Qd6 4. d4 Nf6 5. Nf3 c6 6. Ne5 Nbd7 7. f4 g6 8. g4 Bg7 9. Bg2 0-0 10. g5 Nd5 11. 0-0 Nxc3 12. bxc3 Nxe5 13. fxe5 Qc7 14. a4 Be6 15. Ba3 Rad8 16. Qe2 Rd7 17. a5 Qxa5 18. Bb4 Qb6 19. Bc5 Qb2 20. Qd2 Bf5 21. Rxa7 Rc8 22. Ba3 Qb6 23. Ra4 Bxe5 24. Rxf5 gxf5 25. Qf2 Bg7 26. Qxf5 e6 27. Qf1 Qd8 28. h4 Ra8 29. Rxa8 Qxa8 30. Bc5 Bf8 31. Bxf8 Qxf8 32. Be4 h6 33. Qf4 hxg5 34. hxg5 Rd8 35. Qf6 Ra8 36. Kf2 Qg7 37. Qe7 Kh8 38. Qxb7 Rg8 39. Bxc6 Qxg5 40. Qxf7 Qd2+ 41. Kf1 Qc1+ 42. Kf2 Qxc2+ 43. Kf1 Qd1+ 44. Kf2 Qg1+ 45. Ke2 Qh2+ 46. Kd3 Qh7+ 47. Qxh7+ Kxh7 48. Bd7 Rg3+ 49. Ke4 Rxc3 50. Bxe6 Kg6 51. d5 Kf6 52. Kd4 Rc7 53. Ke4 Re7 54. Kd4 Rxe6 55. dxe6 Kxe6 1/2-1/2

[Event "Svetla nad Sazavou Mares Memorial"]
[Site "Svetla nad Sazavou"]
[Date "2023.12.29"]
[Round "3"]
[White "Novotny, Michal"]
[Black "Motacek, Vladimir"]
[Result "1-0"]
[WhiteElo "2291"]
[BlackElo "1937"]
[PlyCount "93"]
[EventDate "2023.12.29"]
[EventType "swiss"]
[EventRounds "9"]
[EventCountry "CZE"]
[SourceTitle "CB02_2024"]
[SourceDate "2024.01.10"]
[SourceVersion "1"]
[SourceVersionDate "2024.01.10"]
[SourceQuality "1"]

1. e4 g6 2. d4 d6 3. Nf3 Bg7 4. Bc4 Nf6 5. Qe2 0-0 6. 0-0 Bg4 7. h3 Bxf3 8. Qxf3 Nc6 9. c3 e5 10. Be3 Qe7 11. d5 Na5 12. Bd3 b6 13. b4 Nb7 14. Ba6 Rab8 15. a4 Nd7 16. Qe2 f5 17. f3 fxe4 18. fxe4 Rxf1+ 19. Qxf1 Rf8 20. Qe2 Nd8 21. Nd2 Nf7 22. a5 Nf6 23. axb6 axb6 24. Bb5 Bh6 25. Bxh6 Nxh6 26. Ra7 Nh5 27. Qe3 Nf7 28. Nf3 Qd8 29. Kh2 Nf4 30. g3 Nh5 31. Kg2 h6 32. Be2 Ng5 33. Nxg5 hxg5 34. c4 Rf7 35. c5 bxc5 36. bxc5 Qf6 37. c6 Kg7 38. Rb7 Qe7 39. Bg4 Qf6 40. Qe2 Kh6 41. Be6 Re7 42. Qf3 Qxf3+ 43. Kxf3 Ng7 44. Bd7 Rf7+ 45. Kg2 Nh5 46. Rxc7 Nf6 47. Rb7 1-0

[Event "CZE-chT2A 2223"]
[Site "Czech Republic"]
[Date "2023.03.26"]
[Round "11.3"]
[White "Novotny, Michal"]
[Black "Tupy, Martin"]
[Result "1/2-1/2"]
[WhiteElo "2251"]
[BlackElo "2241"]
[PlyCount "31"]
[EventDate "2022.10.16"]
[EventType "team-tourn"]
[EventRounds "11"]
[EventCountry "CZE"]
[SourceTitle "EXT 2024"]
[Source "ChessBase"]
[SourceDate "2023.10.10"]
[SourceVersion "1"]
[SourceVersionDate "2023.10.10"]
[SourceQuality "1"]
[WhiteTeam "Pisek"]
[BlackTeam "Budejovice"]
[WhiteTeamCountry "CZE"]
[BlackTeamCountry "CZE"]

1. e4 c5 2. Nf3 d6 3. Bb5+ Nd7 4. c3 Ngf6 5. Qe2 a6 6. Ba4 e6 7. 0-0 Be7 8. d4 0-0 9. Rd1 Qc7 10. Bg5 b5 11. Bb3 Bb7 12. Nbd2 Rfe8 13. e5 dxe5 14. dxe5 Nd5 15. c4 Nb4 16. Bf4 1/2-1/2

[Event "CZE-chT1W 2223"]
[Site "Czech Republic"]
[Date "2023.03.19"]
[Round "10.2"]
[White "Novotny, Michal"]
[Black "Simek, Petr1111"]
[Result "0-1"]
[WhiteElo "2251"]
[BlackElo "2323"]
[PlyCount "70"]
[EventDate "2022.10.09"]
[EventType "team-tourn"]
[EventRounds "11"]
[EventCountry "CZE"]
[SourceTitle "EXT 2024"]
[Source "ChessBase"]
[SourceDate "2023.10.10"]
[SourceVersion "1"]
[SourceVersionDate "2023.10.10"]
[SourceQuality "1"]
[WhiteTeam "Ricany Betsys II"]
[BlackTeam "Unichess Sousek"]
[WhiteTeamCountry "CZE"]
[BlackTeamCountry "CZE"]

1. e4 e5 2. Nf3 Nc6 3. Nc3 Nf6 4. d4 exd4 5. Nxd4 Bb4 6. Nxc6 bxc6 7. Bd3 d5 8. exd5 0-0 9. 0-0 cxd5 10. h3 Rb8 11. Bg5 c6 12. Qf3 Bd6 13. b3 Re8 14. Bf4 Be6 15. Rad1 Bxf4 16. Qxf4 Qa5 17. Na4 c5 18. Bf5 Rb4 19. Qf3 Bxf5 20. Qxf5 Rbe4 21. Rd3 h6 22. Rg3 R8e6 23. c4 R4e5 24. Qd3 d4 25. Rf3 Ne4 26. Rd1 g6 27. Rf4 Kg7 28. Qf3 f5 29. Kh2 Qc7 30. g3 Kf6 31. Nb2 Nc3 32. Rd2 g5 33. Nd3 gxf4 34. Nxf4 Qc6 35. Qh5 Kg7 0-1

[Event "CZE-chT2A 2223"]
[Site "Czech Republic"]
[Date "2023.01.08"]
[Round "6.3"]
[White "Puncochar, Jiri"]
[Black "Novotny, Michal"]
[Result "0-1"]
[WhiteElo "2061"]
[BlackElo "2251"]
[PlyCount "56"]
[EventDate "2022.10.16"]
[EventType "team-tourn"]
[EventRounds "11"]
[EventCountry "CZE"]
[SourceTitle "EXT 2024"]
[Source "ChessBase"]
[SourceDate "2023.10.10"]
[SourceVersion "1"]
[SourceVersionDate "2023.10.10"]
[SourceQuality "1"]
[WhiteTeam "Budejovice II"]
[BlackTeam "Pisek"]
[WhiteTeamCountry "CZE"]
[BlackTeamCountry "CZE"]

1. e4 e6 2. d4 d5 3. Nd2 c5 4. Ngf3 cxd4 5. Nxd4 Nc6 6. Bb5 Bd7 7. Nxc6 bxc6 8. Bd3 Bd6 9. 0-0 e5 10. Nb3 Nf6 11. Bg5 h6 12. Bh4 g5 13. Bg3 dxe4 14. Be2 Qe7 15. Qd2 Nd5 16. Rad1 f5 17. c4 Bb4 18. Qc2 Nf6 19. f3 f4 20. Be1 Bxe1 21. Rfxe1 e3 22. Bd3 Kf7 23. Qc3 g4 24. c5 gxf3 25. gxf3 Nd5 26. Bc4 Qg5+ 27. Kh1 Qh5 28. Nd2 Be6 0-1

[Event "Krakow op-A 33rd"]
[Site "Krakow"]
[Date "2023.01.04"]
[Round "9"]
[White "Maly, Alexey"]
[Black "Novotny, Michal"]
[Result "1/2-1/2"]
[WhiteElo "2370"]
[BlackElo "2250"]
[PlyCount "90"]
[EventDate "2022.12.27"]
[EventType "swiss"]
[EventRounds "9"]
[EventCountry "POL"]
[SourceTitle "CBM 212 Extra"]
[Source "ChessBase"]
[SourceDate "2023.03.31"]
[SourceVersion "1"]
[SourceVersionDate "2023.03.31"]
[SourceQuality "1"]

1. d4 d5 2. c4 c6 3. e3 Nf6 4. Bd3 e6 5. Nd2 Nbd7 6. Ngf3 Be7 7. 0-0 0-0 8. e4 dxe4 9. Nxe4 c5 10. b3 b6 11. Bb2 Bb7 12. Qe2 Nxe4 13. Bxe4 Bxe4 14. Qxe4 Bf6 15. Rad1 Qc7 16. Rd2 a5 17. Rfd1 a4 18. h3 axb3 19. axb3 Ra2 20. Qb1 Rfa8 21. dxc5 Qxc5 22. Bxf6 Rxd2 23. Nxd2 Nxf6 24. Ne4 Qe5 25. Nxf6+ gxf6 26. Qd3 Kg7 27. b4 Ra2 28. Qd6 Ra1 29. Qd2 Rxd1+ 30. Qxd1 Qc3 31. Qd6 Qe1+ 32. Kh2 Qxf2 33. c5 bxc5 34. bxc5 e5 35. c6 Qf4+ 36. Kg1 Qe3+ 37. Kf1 Qc1+ 38. Kf2 Qc2+ 39. Kg3 Qc1 40. Kh2 Qf4+ 41. Kg1 Qe3+ 42. Kf1 Qc1+ 43. Ke2 Qc2+ 44. Kf3 Qc3+ 45. Ke2 Qc2+ 1/2-1/2

[Event "Krakow op-A 33rd"]
[Site "Krakow"]
[Date "2023.01.02"]
[Round "7"]
[White "Pasztor, Balazs"]
[Black "Novotny, Michal"]
[Result "1-0"]
[WhiteElo "2400"]
[BlackElo "2250"]
[PlyCount "82"]
[EventDate "2022.12.27"]
[EventType "swiss"]
[EventRounds "9"]
[EventCountry "POL"]
[SourceTitle "CBM 212 Extra"]
[Source "ChessBase"]
[SourceDate "2023.03.31"]
[SourceVersion "1"]
[SourceVersionDate "2023.03.31"]
[SourceQuality "1"]

1. e4 e6 2. d4 d5 3. Nc3 Bb4 4. e5 c5 5. a3 Bxc3+ 6. bxc3 Ne7 7. Qg4 Qc7 8. Qxg7 Rg8 9. Qxh7 cxd4 10. Ne2 Nbc6 11. f4 dxc3 12. Nxc3 a6 13. Bd2 Bd7 14. Qd3 Na5 15. Ne2 Nc4 16. Nd4 0-0-0 17. Qc3 Nc6 18. g3 f6 19. exf6 e5 20. Nxc6 Bxc6 21. fxe5 Nxd2 22. Kxd2 d4 23. Qc5 Rd5 24. Qb4 Qxe5 25. Re1 Qxf6 26. Bc4 Qg5+ 27. Kd1 Rdd8 28. Rhf1 Rh8 29. Rf2 Bd7 30. Qe7 Bg4+ 31. Be2 Qh5 32. Bxg4+ Qxg4+ 33. Kc1 Rhe8 34. Qxe8 Rxe8 35. Rxe8+ Kd7 36. Ree2 Qg5+ 37. Rd2 Kc6 38. Rf4 Qe7 39. Rd3 Qe2 40. h4 b5 41. Rfxd4 Kc5 1-0

[Event "Krakow op-A 33rd"]
[Site "Krakow"]
[Date "2022.12.30"]
[Round "4"]
[White "Novotny, Michal"]
[Black "Doraszelski, Alexander"]
[Result "1/2-1/2"]
[WhiteElo "2250"]
[BlackElo "2083"]
[PlyCount "50"]
[EventDate "2022.12.27"]
[EventType "swiss"]
[EventRounds "9"]
[EventCountry "POL"]
[SourceTitle "CBM 212 Extra"]
[Source "ChessBase"]
[SourceDate "2023.03.31"]
[SourceVersion "1"]
[SourceVersionDate "2023.03.31"]
[SourceQuality "1"]

1. e4 c5 2. c3 d5 3. exd5 Qxd5 4. d4 Nf6 5. Nf3 e6 6. Na3 Qd8 7. Nc4 Be7 8. Bd3 Nc6 9. dxc5 Bxc5 10. Qe2 a6 11. Bf4 Nd5 12. Bd2 Qc7 13. Nce5 Nxe5 14. Nxe5 Bd6 15. Nc4 Bf4 16. Be4 Bxd2+ 17. Nxd2 Nf6 18. Bf3 Bd7 19. 0-0 Bc6 20. c4 0-0 21. b4 Bxf3 22. Nxf3 e5 23. Rfd1 Rfe8 24. c5 a5 25. Rd6 axb4 1/2-1/2

[Event "EU-ch Rapid"]
[Site "Katowice"]
[Date "2022.12.18"]
[Round "9"]
[White "Delgerdalai, Bayarjavkhlan"]
[Black "Novotny, Michal"]
[Result "0-1"]
[WhiteElo "2100"]
[BlackElo "2250"]
[PlyCount "102"]
[EventDate "2022.12.17"]
[EventType "swiss (rapid)"]
[EventRounds "11"]
[EventCountry "POL"]
[SourceTitle "CBM 211 Extra"]
[Source "ChessBase"]
[SourceDate "2023.01.31"]
[SourceVersion "1"]
[SourceVersionDate "2023.01.31"]
[SourceQuality "1"]

1. e4 e6 2. d4 d5 3. Nc3 Bb4 4. e5 c5 5. a3 Ba5 6. b4 cxd4 7. Qg4 Kf8 8. Nb5 Bb6 9. Nf3 Bd7 10. Bb2 Bxb5 11. Bxb5 Nc6 12. Bxc6 bxc6 13. Bxd4 Nh6 14. Qf4 Nf5 15. c3 h6 16. 0-0 g5 17. Qd2 Qe7 18. a4 Kg7 19. Bxb6 axb6 20. Nd4 Nxd4 21. cxd4 c5 22. bxc5 bxc5 23. dxc5 Qxc5 24. Rfc1 Qa5 25. Qe3 Rhc8 26. h4 Rxc1+ 27. Qxc1 gxh4 28. Qf4 Qd8 29. a5 Qg5 30. Qd4 h3 31. g3 Qf5 32. Kh2 h5 33. a6 Rxa6 34. Rg1 Ra2 35. Rf1 Qg4 36. Qd3 h4 37. Qe3 Re2 38. Qd3 hxg3+ 39. Qxg3 Qxg3+ 40. Kxg3 Rxe5 41. Kxh3 Rg5 42. Rd1 Kf6 43. Rd3 Rg7 44. Rf3+ Ke5 45. Re3+ Kd4 46. Ra3 e5 47. Ra4+ Kd3 48. Ra5 Ke4 49. Ra4+ d4 50. Ra6 f5 51. Rb6 Kf3 0-1

[Event "EU-ch Rapid"]
[Site "Katowice"]
[Date "2022.12.18"]
[Round "8"]
[White "Novotny, Michal"]
[Black "Zamekhovskiy, Yevgen"]
[Result "0-1"]
[WhiteElo "2250"]
[BlackElo "2095"]
[PlyCount "40"]
[EventDate "2022.12.17"]
[EventType "swiss (rapid)"]
[EventRounds "11"]
[EventCountry "POL"]
[SourceTitle "CBM 211 Extra"]
[Source "ChessBase"]
[SourceDate "2023.01.31"]
[SourceVersion "1"]
[SourceVersionDate "2023.01.31"]
[SourceQuality "1"]

1. e4 c6 2. d4 d5 3. e5 Bf5 4. Nf3 e6 5. Be2 c5 6. Be3 Nd7 7. 0-0 Ne7 8. c4 dxc4 9. Bxc4 Nd5 10. Nc3 Nxe3 11. fxe3 cxd4 12. Nxd4 Bc5 13. Nxf5 exf5 14. Rxf5 0-0 15. e6 Bxe3+ 16. Kh1 Qh4 17. exf7+ Kh8 18. Rh5 Qxc4 19. Rxh7+ Kxh7 20. Qh5+ Bh6 0-1

[Event "EU-ch Rapid"]
[Site "Katowice"]
[Date "2022.12.18"]
[Round "7"]
[White "Saric, Ante"]
[Black "Novotny, Michal"]
[Result "1-0"]
[WhiteElo "2504"]
[BlackElo "2250"]
[PlyCount "95"]
[EventDate "2022.12.17"]
[EventType "swiss (rapid)"]
[EventRounds "11"]
[EventCountry "POL"]
[SourceTitle "CBM 211 Extra"]
[Source "ChessBase"]
[SourceDate "2023.01.31"]
[SourceVersion "1"]
[SourceVersionDate "2023.01.31"]
[SourceQuality "1"]

1. Nf3 d5 2. g3 g6 3. Bg2 Bg7 4. d4 c6 5. 0-0 Nd7 6. Nbd2 Ngf6 7. Re1 0-0 8. e4 dxe4 9. Nxe4 Nxe4 10. Rxe4 Nf6 11. Re1 Bf5 12. c3 Re8 13. Qb3 Qb6 14. Ne5 Be6 15. Qc2 Bd5 16. Bh3 Rad8 17. Bf4 Nh5 18. Be3 Nf6 19. Bf4 Nh5 20. Nd7 Nxf4 21. gxf4 Qc7 22. Ne5 c5 23. Rad1 e6 24. Qe2 cxd4 25. Rxd4 Bxa2 26. Ra4 Bb3 27. Rxa7 Bxe5 28. Qxe5 Qb6 29. Qe3 Qb5 30. Bf1 Qf5 31. c4 Rd1 32. Rxd1 Qg4+ 33. Qg3 Qxd1 34. Kg2 Rc8 35. f5 exf5 36. Rxb7 Bc2 37. f3 Qd2+ 38. Qf2 Qg5+ 39. Qg3 Qd2+ 40. Qf2 Qg5+ 41. Kh1 Qc1 42. Re7 Bd3 43. Qe1 Qxc4 44. Re8+ Rxe8 45. Qxe8+ Kg7 46. Qe5+ f6 47. Qe7+ Kh6 48. Qe3+ 1-0

[Event "EU-ch Blitz"]
[Site "Katowice"]
[Date "2022.12.16"]
[Round "17"]
[White "Chyzy, Jakub"]
[Black "Novotny, Michal"]
[Result "1/2-1/2"]
[WhiteElo "2247"]
[BlackElo "2250"]
[PlyCount "111"]
[EventDate "2022.12.16"]
[EventType "swiss (blitz)"]
[EventRounds "22"]
[EventCountry "POL"]
[SourceTitle "CBM 211 Extra"]
[Source "ChessBase"]
[SourceDate "2023.01.31"]
[SourceVersion "1"]
[SourceVersionDate "2023.01.31"]
[SourceQuality "1"]

1. e4 e6 2. d4 d5 3. e5 c5 4. c3 Nc6 5. Nf3 Bd7 6. Bd3 cxd4 7. cxd4 Qb6 8. 0-0 Nxd4 9. Nbd2 Nxf3+ 10. Nxf3 Ne7 11. Be3 Qa5 12. b4 Qa4 13. Bc2 Qa3 14. Qe2 Nc6 15. b5 Na5 16. Bd3 Be7 17. Rac1 Rc8 18. Rxc8+ Bxc8 19. Bxa7 0-0 20. Be3 Bd7 21. Rc1 Nc4 22. Bxc4 dxc4 23. Qxc4 Rc8 24. Qxc8+ Bxc8 25. Rxc8+ Bf8 26. h4 h6 27. Bc5 Qxc5 28. Rxc5 Bxc5 29. a4 Kf8 30. h5 Ke7 31. Kf1 Kd7 32. Ke2 Kc7 33. Ke1 Kb6 34. Nd2 Ka5 35. Ne4 Bb4+ 36. Ke2 Kxa4 37. Nd6 b6 38. Nxf7 Kxb5 39. Nd8 Kc4 40. Nxe6 Bc3 41. f4 b5 42. Kd1 b4 43. Kc2 b3+ 44. Kb1 Kd5 45. Nxg7 Ke4 46. e6 Bf6 47. g3 Kd5 48. f5 Ke5 49. Ne8 Kxf5 50. Nxf6 Kxf6 51. Kb2 Kxe6 52. Kxb3 Kf5 53. Kc3 Kg4 54. Kd3 Kxg3 55. Ke3 Kg4 56. Kf2 1/2-1/2

[Event "EU-ch Blitz"]
[Site "Katowice"]
[Date "2022.12.16"]
[Round "18"]
[White "Novotny, Michal"]
[Black "Chyzy, Jakub"]
[Result "1-0"]
[WhiteElo "2250"]
[BlackElo "2247"]
[PlyCount "119"]
[EventDate "2022.12.16"]
[EventType "swiss (blitz)"]
[EventRounds "22"]
[EventCountry "POL"]
[SourceTitle "CBM 211 Extra"]
[Source "ChessBase"]
[SourceDate "2023.01.31"]
[SourceVersion "1"]
[SourceVersionDate "2023.01.31"]
[SourceQuality "1"]

1. e4 Nf6 2. e5 Nd5 3. d4 d6 4. c4 Nb6 5. exd6 exd6 6. Be3 Be7 7. Nc3 0-0 8. Bd3 Bf6 9. Nge2 Nc6 10. h3 d5 11. c5 Nc4 12. Qc2 Nxe3 13. fxe3 g6 14. 0-0 Nb4 15. Qd2 Nxd3 16. Qxd3 Bg7 17. b4 c6 18. a4 Re8 19. Rf3 f5 20. b5 Qa5 21. Rb1 Bd7 22. Nf4 Re7 23. bxc6 bxc6 24. Rb7 Rae8 25. h4 Bc8 26. Rxe7 Rxe7 27. Rf2 Ba6 28. Qd2 Qb4 29. Kh2 Qb8 30. g3 Qe8 31. Nd1 Re4 32. Qa5 Bc4 33. Qxa7 Rxe3 34. Nxe3 Qxe3 35. Qa8+ Kf7 36. Qb7+ Kg8 37. Qc8+ Kf7 38. Qd7+ Kg8 39. Rb2 Bb3 40. Qe6+ Qxe6 41. Nxe6 Bxa4 42. Rb8+ Kf7 43. Nxg7 Kxg7 44. Rb7+ Kh6 45. Kg2 Bc2 46. Kf3 g5 47. hxg5+ Kxg5 48. Rxh7 Be4+ 49. Kf2 f4 50. Rc7 fxg3+ 51. Kxg3 Kf5 52. Rxc6 Bd3 53. Rh6 Ke4 54. Rh4+ Ke3 55. c6 Bf5 56. c7 Bd7 57. Kg2 Kd3 58. Kf2 Kc4 59. Ke3 Kb5 60. Rh8 1-0

[Event "EU-ch Blitz"]
[Site "Katowice"]
[Date "2022.12.16"]
[Round "15"]
[White "Novotny, Michal"]
[Black "Galuszka, Tomasz"]
[Result "1-0"]
[WhiteElo "2250"]
[BlackElo "2184"]
[PlyCount "39"]
[EventDate "2022.12.16"]
[EventType "swiss (blitz)"]
[EventRounds "22"]
[EventCountry "POL"]
[SourceTitle "CBM 211 Extra"]
[Source "ChessBase"]
[SourceDate "2023.01.31"]
[SourceVersion "1"]
[SourceVersionDate "2023.01.31"]
[SourceQuality "1"]

1. e4 c6 2. d4 d5 3. e5 Bf5 4. Nf3 e6 5. Be2 Nd7 6. 0-0 Ne7 7. Nh4 Bg6 8. a4 a6 9. a5 Nc8 10. Nxg6 hxg6 11. c3 Na7 12. b4 Nb5 13. Qc2 Qh4 14. h3 Be7 15. Nd2 Qh7 16. Nf3 0-0-0 17. Be3 f6 18. c4 Nc7 19. b5 cxb5 20. cxd5 1-0

[Event "EU-ch Blitz"]
[Site "Katowice"]
[Date "2022.12.16"]
[Round "2"]
[White "Novotny, Michal"]
[Black "Herter, Leonhard"]
[Result "1-0"]
[WhiteElo "2250"]
[BlackElo "1575"]
[PlyCount "65"]
[EventDate "2022.12.16"]
[EventType "swiss (blitz)"]
[EventRounds "22"]
[EventCountry "POL"]
[SourceTitle "CBM 211 Extra"]
[Source "ChessBase"]
[SourceDate "2023.01.31"]
[SourceVersion "1"]
[SourceVersionDate "2023.01.31"]
[SourceQuality "1"]

1. e4 e5 2. Nf3 Nc6 3. Nc3 Nf6 4. d4 exd4 5. Nxd4 Bb4 6. Nxc6 bxc6 7. Bd3 d6 8. Bg5 h6 9. Bh4 Qe7 10. Qf3 g5 11. Bg3 Bg4 12. Qe3 Bc5 13. Qd2 Bb4 14. f3 Bh5 15. 0-0-0 Kd7 16. e5 Nd5 17. Bf5+ Kd8 18. exd6 cxd6 19. Qd4 Bxc3 20. bxc3 Qe3+ 21. Rd2 Qxd4 22. Rxd4 Kc7 23. c4 Ne3 24. Bxd6+ Kb6 25. c5+ Ka5 26. Bd3 Rhc8 27. Re1 Nd5 28. Ree4 Nc3 29. Re7 Bg6 30. Bxg6 fxg6 31. Kb2 Na4+ 32. Ka3 Rab8 33. Rxa4+ 1-0

[Event "CZE-chT1W 2223"]
[Site "Czech Republic"]
[Date "2022.10.30"]
[Round "2.6"]
[White "Novotny, Michal"]
[Black "Cerveny, Martin"]
[Result "1/2-1/2"]
[WhiteElo "2251"]
[BlackElo "2404"]
[PlyCount "124"]
[EventDate "2022.10.09"]
[EventType "team-tourn"]
[EventRounds "11"]
[EventCountry "CZE"]
[SourceTitle "CBM 213 Extra"]
[Source "ChessBase"]
[SourceDate "2023.05.31"]
[SourceVersion "1"]
[SourceVersionDate "2023.05.31"]
[SourceQuality "1"]
[WhiteTeam "Ricany Betsys II"]
[BlackTeam "Lysa nad Labem II"]
[WhiteTeamCountry "CZE"]
[BlackTeamCountry "CZE"]

1. e4 c5 2. Nf3 d6 3. Bb5+ Nc6 4. 0-0 Bd7 5. Re1 e5 6. c3 Nge7 7. d4 a6 8. Bc4 b5 9. Bd5 f6 10. Nbd2 g6 11. dxc5 dxc5 12. Nb3 c4 13. Nc5 Nxd5 14. Qxd5 Bxc5 15. Qxc5 Qe7 16. Be3 Qxc5 17. Bxc5 0-0-0 18. Bb6 Rde8 19. Rad1 Bg4 20. Rd6 Kb7 21. Bc5 Rhf8 22. Red1 Rf7 23. h3 Bxf3 24. gxf3 Kc7 25. Kg2 Nb8 26. Bb6+ Kb7 27. Ba5 Nc6 28. Rd7+ Rxd7 29. Rxd7+ Kb8 30. Bc7+ Ka8 31. Rxh7 Re7 32. Rxe7 Nxe7 33. Bd8 Ng8 34. f4 exf4 35. Kf3 Kb7 36. e5 fxe5 37. Ke4 Nh6 38. Bf6 Nf7 39. Bxe5 Ng5+ 40. Kxf4 Nxh3+ 41. Ke3 Kc6 42. f4 Kd5 43. Bd4 g5 44. fxg5 Nxg5 45. Bf6 Ne4 46. Be7 a5 47. Bf8 a4 48. Be7 Ng3 49. Bf8 Nf5+ 50. Kf4 Nh4 51. Ke3 Ng2+ 52. Kd2 Ke4 53. Be7 Nf4 54. Kc2 Kf3 55. b3 Ke2 56. bxa4 bxa4 57. Bf6 Nd5 58. Bg7 Nf4 59. Kb2 Kd3 60. Ka3 Nd5 61. Kxa4 Nxc3+ 62. Ka3 Nxa2 1/2-1/2

[Event "CZE-chT2A 2223"]
[Site "Czech Republic"]
[Date "2022.10.16"]
[Round "1.3"]
[White "Borkovec, Milan"]
[Black "Novotny, Michal"]
[Result "1/2-1/2"]
[WhiteElo "2220"]
[BlackElo "2251"]
[PlyCount "44"]
[EventDate "2022.10.16"]
[EventType "team-tourn"]
[EventRounds "11"]
[EventCountry "CZE"]
[SourceTitle "EXT 2024"]
[Source "ChessBase"]
[SourceDate "2023.10.10"]
[SourceVersion "1"]
[SourceVersionDate "2023.10.10"]
[SourceQuality "1"]
[WhiteTeam "Tabor"]
[BlackTeam "Pisek"]
[WhiteTeamCountry "CZE"]
[BlackTeamCountry "CZE"]

1. e4 c6 2. d4 d5 3. exd5 cxd5 4. c4 Nf6 5. Nc3 Nc6 6. Nf3 Bg4 7. cxd5 Nxd5 8. Qb3 Bxf3 9. gxf3 e6 10. Qxb7 Nxd4 11. Bb5+ Nxb5 12. Qc6+ Ke7 13. Qxb5 Qd7 14. Nxd5+ Qxd5 15. Bg5+ f6 16. Qxd5 exd5 17. Be3 Ke6 18. Ke2 Bb4 19. Rhc1 Rhc8 20. Kd3 a5 21. h3 Bd6 22. Rxc8 Rxc8 1/2-1/2

[Event "CZE-chT1W 2223"]
[Site "Czech Republic"]
[Date "2022.10.09"]
[Round "1.1"]
[White "Svoboda, Svatopluk"]
[Black "Novotny, Michal"]
[Result "1/2-1/2"]
[WhiteElo "2398"]
[BlackElo "2251"]
[PlyCount "28"]
[EventDate "2022.10.09"]
[EventType "team-tourn"]
[EventRounds "11"]
[EventCountry "CZE"]
[SourceTitle "CBM 210 Extra"]
[Source "ChessBase"]
[SourceDate "2022.11.30"]
[SourceVersion "1"]
[SourceVersionDate "2022.11.30"]
[SourceQuality "1"]
[WhiteTeam "Pankrac"]
[BlackTeam "Ricany Betsys II"]
[WhiteTeamCountry "CZE"]
[BlackTeamCountry "CZE"]

1. e4 c6 2. d4 d5 3. Nd2 dxe4 4. Nxe4 Nf6 5. Nxf6+ exf6 6. c3 Bd6 7. Bd3 0-0 8. Qc2 Re8+ 9. Ne2 h5 10. Be3 Na6 11. 0-0 h4 12. Rfe1 Nc7 13. Bf4 Be6 14. Rad1 g5 1/2-1/2

[Event "Ricany op 20th"]
[Site "Ricany"]
[Date "2022.09.01"]
[Round "7"]
[White "Dudek, Vojtech"]
[Black "Novotny, Michal"]
[Result "1/2-1/2"]
[WhiteElo "2144"]
[BlackElo "2241"]
[PlyCount "152"]
[EventDate "2022.08.27"]
[EventType "swiss"]
[EventRounds "9"]
[EventCountry "CZE"]
[SourceTitle "CBM 210 Extra"]
[Source "ChessBase"]
[SourceDate "2022.11.30"]
[SourceVersion "1"]
[SourceVersionDate "2022.11.30"]
[SourceQuality "1"]

1. e4 c6 2. d4 d5 3. exd5 cxd5 4. Bd3 Nc6 5. c3 Nf6 6. Bf4 Bg4 7. Qb3 e5 8. dxe5 Nh5 9. Be3 Nxe5 10. Bb5+ Nc6 11. Ne2 a6 12. Bd3 Ne5 13. Bc2 Be7 14. Nd2 0-0 15. Nd4 Bg5 16. 0-0 Bxe3 17. fxe3 Qg5 18. Rae1 Nf6 19. Bf5 b5 20. Qc2 Nc4 21. Nxc4 dxc4 22. e4 g6 23. e5 Bxf5 24. Nxf5 Ng4 25. Nd6 f6 26. Ne4 Qxe5 27. Nxf6+ Rxf6 28. Rxe5 Rxf1+ 29. Kxf1 Nxe5 30. Qe4 Rf8+ 31. Kg1 Nd3 32. Qe6+ Kg7 33. Qxa6 Rf5 34. b3 Nc1 35. Qa7+ Kg8 36. Qe3 Nxa2 37. bxc4 bxc4 38. Qd2 Nxc3 39. Qxc3 Rf7 40. Qxc4 Kg7 41. Qd4+ Kg8 42. Qe5 Rf5 43. Qe6+ Kg7 44. g4 Rf7 45. Qe5+ Kg8 46. Kg2 Rf8 47. Kg3 Rf7 48. Kh4 h6 49. Kg3 Kh7 50. Qe6 Kg7 51. Qe8 Rf8 52. Qe5+ Kg8 53. Kh4 Rf7 54. Qe8+ Kg7 55. Qe6 Rf8 56. Qe5+ Kg8 57. g5 hxg5+ 58. Qxg5 Kg7 59. Qe5+ Kh6 60. Kg4 Ra8 61. Qg5+ Kh7 62. Qe7+ Kh6 63. Qe3+ Kh7 64. Qh3+ Kg7 65. Qc3+ Kh6 66. Qd2+ Kh7 67. Kg5 Ra7 68. Qc3 Rf7 69. Qh3+ Kg7 70. Qc3+ Kh7 71. Qh3+ Kg7 72. Qh6+ Kg8 73. Kg4 Rf8 74. h4 Rf7 75. h5 gxh5+ 76. Qxh5 Kf8 1/2-1/2

[Event "Ricany op 20th"]
[Site "Ricany"]
[Date "2022.08.27"]
[Round "1"]
[White "Koper, Stefan"]
[Black "Novotny, Michal"]
[Result "0-1"]
[WhiteElo "1823"]
[BlackElo "2241"]
[PlyCount "72"]
[EventDate "2022.08.27"]
[EventType "swiss"]
[EventRounds "9"]
[EventCountry "CZE"]
[SourceTitle "CBM 210 Extra"]
[Source "ChessBase"]
[SourceDate "2022.11.30"]
[SourceVersion "1"]
[SourceVersionDate "2022.11.30"]
[SourceQuality "1"]

1. d4 Nf6 2. c4 c5 3. d5 b5 4. cxb5 a6 5. b6 e6 6. Nc3 Nxd5 7. Nxd5 exd5 8. Qxd5 Nc6 9. Nf3 Rb8 10. Ne5 Qf6 11. Nxc6 dxc6 12. Qb3 Bd6 13. Bd2 0-0 14. Bc3 Be5 15. e3 Be6 16. Qa3 Rxb6 17. Rc1 Bd5 18. Bxe5 Qxe5 19. b3 Rb4 20. Rxc5 Rfb8 21. Qc1 Rh4 22. g3 Qe4 23. Rxd5 Qxd5 24. Rg1 Rxh2 25. Bc4 Qa5+ 26. Kf1 Qxa2 27. Rg2 Rh6 28. Kg1 Rd8 29. f4 Qa5 30. Re2 Rhd6 31. Qc2 Rd1+ 32. Kf2 Qh5 33. Qe4 Qh2+ 34. Qg2 Qxg2+ 35. Kxg2 a5 36. Kf3 R8d2 0-1